[Event "21st World Senior Chess Championship"]
[Site "Opatija"]
[Date "2011.11.19"]
[Round "5.7"]
[White "Cebalo, Miso"]
[Black "Pushkov, Nikolai"]
[Result "1/2-1/2"]
[WhiteElo "2446"]
[BlackElo "2395"]
[PlyCount "137"]
[EventDate "2011.11.19"]

1. c4 e6 2. g3 d5 3. Bg2 Nf6 4. Nf3 Be7 5. O-O O-O 6. b3 d4 7. Bb2 Nc6 8. e3 e5
9. exd4 exd4 10. d3 Bg4 11. h3 Bh5 12. Na3 Bc5 13. Nc2 a5 14. a3 Bxf3 15. Bxf3
Qd6 16. Bc1 Nd7 17. Bf4 Nce5 18. Bg2 Qb6 19. Rb1 Be7 20. b4 axb4 21. axb4 c6
22. Re1 Bf6 23. c5 Qb5 24. Be4 Ng6 25. Bd6 Rfd8 26. h4 Ngf8 27. Rb3 Ra2 28. Na3
Qa4 29. Nc4 Ra8 30. Kg2 g6 31. Rb1 Qxd1 32. Rexd1 Ne6 33. Rdc1 Bd8 34. Bf3 h5
35. Re1 Kg7 36. Rec1 R8a7 37. Bd1 Nf6 38. Bb3 R2a6 39. Be5 Kf8 40. Nb6 Ng4 41.
Bb8 Bxb6 42. Bxe6 fxe6 43. Bxa7 Bxa7 44. Ra1 Bb8 45. Rxa6 bxa6 46. Ra1 Ke7 47.
Rxa6 Kd7 48. Kf3 Nf6 49. Ra8 Kc8 50. Ra6 Kc7 51. b5 cxb5 52. Rxe6 Nd7 53. Ke2
Nxc5 54. Rxg6 b4 55. Rg5 Kc6 56. Kd2 b3 57. Rxh5 Bc7 58. Rxc5+ Kxc5 59. Kc1 Kd5
60. Kb2 Ba5 61. h5 Ke6 62. f4 Be1 63. Kxb3 Bxg3 64. Kc4 Bf2 65. Kc5 Kf5 66. Kd5
Be3 67. Kc4 Ke6 68. h6 Kf6 69. f5 1/2-1/2

[Event "21st World Senior Chess Championship"]
[Site "Opatija"]
[Date "2011.11.19"]
[Round "5.8"]
[White "Timoscenko, Gennadij"]
[Black "Sorensen, Bent"]
[Result "1-0"]
[WhiteElo "2483"]
[BlackElo "2321"]
[PlyCount "45"]
[EventDate "2011.11.19"]

1. e4 e6 2. d4 d5 3. Nc3 Bb4 4. Nge2 Nf6 5. e5 Nfd7 6. f4 O-O 7. g3 b6 8. Bg2
c5 9. a3 Ba5 10. b4 cxb4 11. Nxd5 bxa3+ 12. Kf2 Nc6 13. Ne3 Bb7 14. Bxa3 Re8
15. Nc4 Qc7 16. Nd6 Reb8 17. Nxb7 Qxb7 18. d5 exd5 19. Qxd5 Rc8 20. Rhd1 Ndb8
21. e6 fxe6 22. Qxe6+ Kh8 23. Be4 1-0

[Event "21st World Senior Chess Championship"]
[Site "Opatija"]
[Date "2011.11.19"]
[Round "5.9"]
[White "Suba, Mihai"]
[Black "Jacobsen, Bo"]
[Result "1-0"]
[WhiteElo "2458"]
[BlackElo "2317"]
[PlyCount "36"]
[EventDate "2011.11.19"]

1. c4 e5 2. Nc3 Nc6 3. e3 Nf6 4. a3 g6 5. g3 Bg7 6. Bg2 O-O 7. Nge2 Re8 8. d3
Ne7 9. e4 c6 10. Qb3 d6 11. O-O a6 12. a4 Rb8 13. Be3 c5 14. Bg5 Be6 15. f4 b5
16. axb5 axb5 17. Nxb5 exf4 18. Nxf4 Bd7 1-0

[Event "21st World Senior Chess Championship"]
[Site "Opatija"]
[Date "2011.11.19"]
[Round "5.10"]
[White "Balashov, Yuri S"]
[Black "Malmadin, Nils-Ake"]
[Result "1/2-1/2"]
[WhiteElo "2443"]
[BlackElo "2308"]
[PlyCount "179"]
[EventDate "2011.11.19"]

1. d4 Nf6 2. Nf3 e6 3. e3 b6 4. Bd3 Bb7 5. O-O d6 6. c4 Nbd7 7. Nc3 c5 8. Re1
a6 9. b3 Be7 10. Bb2 O-O 11. Qe2 Re8 12. Rad1 Qc7 13. Bb1 Bf8 14. d5 e5 15. Ng5
g6 16. g4 Bg7 17. f3 Nf8 18. Qg2 Bc8 19. h3 h6 20. Nge4 N6h7 21. h4 Rb8 22. a4
Bd7 23. Bd3 Bc8 24. g5 h5 25. Re2 Bf5 26. Qg3 Qd7 27. Rg2 Kh8 28. Kh2 Rbd8 29.
Nf2 Bxd3 30. Rxd3 Qf5 31. Nfe4 Qd7 32. Qh3 Qc7 33. Rd1 Qe7 34. Rdg1 Rb8 35. Bc1
Red8 36. Bd2 Qc7 37. Be1 Nd7 38. Bg3 Re8 39. Re2 Rb7 40. Rge1 Qb8 41. Kg2 f5
42. gxf6 Ndxf6 43. Ng5 Nxg5 44. hxg5 Nh7 45. Ne4 Qd8 46. f4 Rf7 47. Bh2 Rf5 48.
Ng3 Rff8 49. Nxh5 gxh5 50. Qxh5 Kg8 51. Bg3 Rf5 52. Qh3 Qc8 53. Rh1 Nf8 54. Rf2
Qd7 55. e4 Rxf4 56. Bxf4 Qxh3+ 57. Rxh3 exf4 58. Rxf4 Ng6 59. Rg4 Be5 60. Rf3
Re7 61. Kf1 Rh7 62. Ke2 Rh1 63. Kd2 Bd4 64. Rgg3 Rh4 65. Rh3 Rxe4 66. Rh6 Kg7
67. Rfh3 Rg4 68. Rh7+ Kg8 69. Rd7 Rg2+ 70. Kd1 Be5 71. Rd8+ Kg7 72. Rd7+ Kf8
73. Rb7 Rxg5 74. Rxb6 Rg1+ 75. Kc2 Rg2+ 76. Kd1 Nf4 77. Rh7 Bg7 78. Rxa6 Kg8
79. Rxg7+ Kxg7 80. Rxd6 Nd3 81. Rb6 Kf7 82. a5 Ra2 83. a6 Ke7 84. Rh6 Kd8 85.
Rg6 Nb4 86. Rg8+ Kc7 87. Rg7+ Kb6 88. Rg6+ Kc7 89. Rg7+ Kb6 90. Rg6+ 1/2-1/2

[Event "21st World Senior Chess Championship"]
[Site "Opatija"]
[Date "2011.11.19"]
[Round "5.11"]
[White "Okhotnik, Vladimir"]
[Black "Wittmann, Walter"]
[Result "1/2-1/2"]
[WhiteElo "2427"]
[BlackElo "2269"]
[PlyCount "287"]
[EventDate "2011.11.19"]

1. e4 c5 2. c3 d5 3. exd5 Qxd5 4. d4 Nf6 5. Nf3 Nc6 6. Be3 Ng4 7. Nbd2 Nxe3 8.
fxe3 e6 9. Bc4 Qh5 10. O-O Be7 11. Ne5 Qxd1 12. Raxd1 Nxe5 13. dxe5 Bd7 14. Be2
Bc6 15. Bf3 Bxf3 16. gxf3 O-O-O 17. Ne4 f5 18. exf6 gxf6 19. Kf2 f5 20. Nd2
Rhg8 21. f4 Kc7 22. Nf3 Rxd1 23. Rxd1 Bf6 24. a4 b6 25. Ra1 a6 26. Rd1 Rg6 27.
Ne5 Bxe5 28. fxe5 Rh6 29. Kg3 Rg6+ 30. Kf3 Rh6 31. b3 Rxh2 32. Rd6 Rb2 33. Rxe6
Rxb3 34. a5 bxa5 35. Rxa6 Rxc3 36. Kf4 Kd7 37. Rxa5 c4 38. Ra7+ Ke6 39. Rxh7
Rc1 40. Rh6+ Ke7 41. Kxf5 Rf1+ 42. Ke4 c3 43. Kd3 Rd1+ 44. Kxc3 Rd5 45. e6 Rd1
46. Kc4 Rd2 47. Rh4 Kxe6 48. Re4+ Kf7 49. Rd4 Ra2 50. Rd6 Ke7 51. Rb6 Rd2 52.
Kc3 Rd1 53. Kc2 Rd5 54. Rh6 Rd8 55. Kc3 Rd1 56. Rh4 Ra1 57. Kd3 Ra2 58. Rh6 Ra4
59. Ke2 Rb4 60. Kf3 Ra4 61. Rb6 Rc4 62. e4 Ra4 63. Ke3 Rc4 64. Rb1 Ra4 65. Rb5
Ke6 66. Kf4 Rc4 67. Rb6+ Ke7 68. Kf5 Rc1 69. Rb7+ Ke8 70. Ra7 Rb1 71. Rg7 Ra1
72. Rg8+ Ke7 73. Rh8 Rb1 74. Ra8 Rb2 75. Ra7+ Ke8 76. e5 Rb6 77. Ke4 Rh6 78.
Kd5 Rg6 79. Ra8+ Ke7 80. Rb8 Ra6 81. Rb7+ Ke8 82. Ke4 Rh6 83. Ra7 Rb6 84. Kd4
Rh6 85. Kc5 Re6 86. Ra8+ Ke7 87. Kd5 Rh6 88. Rc8 Kd7 89. Rc1 Ra6 90. Rb1 Ra5+
91. Ke4 Ra6 92. Kf5 Rc6 93. Ra1 Ke7 94. Ra5 Rh6 95. Ra7+ Ke8 96. Ra4 Rh5+ 97.
Ke6 Rh6+ 98. Kd5 Rb6 99. Ra5 Ke7 100. Ra7+ Kd8 101. Kc5 Rh6 102. Rf7 Ra6 103.
Kd5 Ke8 104. Rf4 Ra5+ 105. Ke6 Ra6+ 106. Kf5 Rb6 107. Ra4 Rc6 108. Ra8+ Ke7
109. Rh8 Ra6 110. Rh7+ Kf8 111. Rd7 Ke8 112. Rd1 Rb6 113. Rd5 Ke7 114. Ra5 Rc6
115. Ra8 Rb6 116. Rc8 Rh6 117. Rc7+ Kf8 118. Rd7 Ke8 119. Rb7 Rh5+ 120. Ke6
Rh6+ 121. Kd5 Kd8 122. Rf7 Ke8 123. Rf2 Ra6 124. Ke4 Rh6 125. Ra2 Rb6 126. Kd5
Rb5+ 127. Ke4 Rb6 128. Ra5 Rh6 129. Kd5 Rb6 130. Ra7 Rb5+ 131. Ke6 Rb6+ 132.
Kf5 Rc6 133. Rh7 Ra6 134. Kg5 Re6 135. Kf4 Ra6 136. Kf5 Rb6 137. Ra7 Rh6 138.
Ra4 Rh5+ 139. Ke6 Rh6+ 140. Kd5 Rb6 141. Ra5 Rh6 142. Ra4 Rb6 143. Rf4 Ke7 144.
Ke4 1/2-1/2

[Event "21st World Senior Chess Championship"]
[Site "Opatija"]
[Date "2011.11.19"]
[Round "5.12"]
[White "Shvedchikov, Anatoli I"]
[Black "Lederman, Leon"]
[Result "1/2-1/2"]
[WhiteElo "2423"]
[BlackElo "2267"]
[PlyCount "36"]
[EventDate "2011.11.19"]

1. d4 d5 2. Nf3 Nf6 3. e3 Bf5 4. c4 c6 5. Nc3 e6 6. Nh4 Bg4 7. Qb3 Qb6 8. h3
Bh5 9. g4 Bg6 10. g5 Nfd7 11. Nxg6 hxg6 12. Bg2 Qxb3 13. axb3 Na6 14. Ke2 Nb4
15. Bd2 Be7 16. h4 f6 17. Rac1 Kf7 18. f4 Rh7 1/2-1/2

[Event "21st World Senior Chess Championship"]
[Site "Opatija"]
[Date "2011.11.19"]
[Round "5.13"]
[White "Mishuchkov, Nikolai M"]
[Black "Brinck-Claussen, Bjorn"]
[Result "1/2-1/2"]
[WhiteElo "2418"]
[BlackElo "2263"]
[PlyCount "90"]
[EventDate "2011.11.19"]

1. d4 Nf6 2. Nf3 e6 3. c4 b6 4. g3 Ba6 5. Qa4 Bb7 6. Bg2 c5 7. dxc5 Bxc5 8. O-O
O-O 9. Nc3 Qe7 10. Bf4 d5 11. cxd5 Nxd5 12. Nxd5 Bxd5 13. Ne5 Bxg2 14. Kxg2
Qb7+ 15. Kg1 b5 16. Qb3 Nd7 17. Nxd7 Qxd7 18. Rfd1 Qc6 19. Qf3 Qxf3 20. exf3
Rfd8 21. Kf1 h6 22. Ke2 Bb6 23. Rxd8+ Rxd8 24. Rc1 f6 25. Be3 Bxe3 26. fxe3 Rd6
27. a3 a6 28. Rc7 Kh7 29. h4 h5 30. e4 e5 31. b4 Kh6 32. f4 a5 33. fxe5 fxe5
34. bxa5 Rd4 35. Rc5 Rxe4+ 36. Kf3 Ra4 37. Rxb5 Rxa3+ 38. Ke4 Rxg3 39. a6 Ra3
40. Rb6+ g6 41. Kxe5 Ra4 42. Ke6 Rxh4 43. Kf7 Rf4+ 44. Rf6 Ra4 45. Rxg6+ Kh7
1/2-1/2

[Event "21st World Senior Chess Championship"]
[Site "Rijeka"]
[Date "2011.11.19"]
[Round "5.17"]
[White "Katalymov, Boris"]
[Black "Frick, Christoph"]
[Result "1-0"]
[WhiteElo "2374"]
[BlackElo "2218"]
[PlyCount "108"]
[EventDate "2011.11.19"]

1. d4 g6 2. e4 Bg7 3. c4 d6 4. Nc3 Nc6 5. d5 Ne5 6. f4 Nd7 7. Qc2 Ngf6 8. Nf3
Nc5 9. Be3 Nfxe4 10. Bd4 Nf6 11. b4 Bf5 12. Qb2 Nd3+ 13. Bxd3 Bxd3 14. O-O-O
Bxc4 15. Nd2 Bd3 16. g4 O-O 17. Nb3 Bc4 18. Na5 b5 19. h4 e5 20. fxe5 Nxg4 21.
exd6 Ne5 22. Nc6 Nxc6 23. Bxg7 Kxg7 24. dxc6 Qf6 25. Ne4 Qxb2+ 26. Kxb2 Be2 27.
d7 Bxd1 28. Rxd1 Rfd8 29. Nc5 a6 30. Re1 Kf8 31. a4 h6 32. Nb7 Rdb8 33. axb5
axb5 34. Re5 f5 35. h5 Kf7 36. Rxb5 f4 37. Rd5 g5 38. b5 Ke6 39. Rd1 f3 40. b6
Ra6 41. Nc5+ Ke7 42. Re1+ Kd6 43. Nxa6 Rxb6+ 44. Nb4 Rxb4+ 45. Kc3 Rb8 46. Re8
Kxc6 47. Rxb8 Kxd7 48. Kd3 Ke6 49. Ke3 g4 50. Rg8 Kf5 51. Rg6 c5 52. Rxh6 Kg5
53. Rc6 Kxh5 54. Rxc5+ Kh4 1-0

[Event "21st World Senior Chess Championship"]
[Site "Rijeka"]
[Date "2011.11.19"]
[Round "5.18"]
[White "Chernov, Evgen"]
[Black "Yasseen, Aly"]
[Result "1-0"]
[WhiteElo "2311"]
[BlackElo "2342"]
[PlyCount "39"]
[EventDate "2011.11.19"]

1. Nf3 Nf6 2. d4 c5 3. d5 e6 4. c4 exd5 5. cxd5 d6 6. Nc3 g6 7. Bf4 Bg7 8. Qa4+
Bd7 9. Qb3 Qc7 10. h3 O-O 11. e3 Na6 12. Be2 Rab8 13. O-O Rfd8 14. e4 b5 15. e5
Nh5 16. Bg5 dxe5 17. d6 Qa5 18. Nd5 Re8 19. Ne7+ Kf8 20. Qe3 1-0

[Event "21st World Senior Chess Championship"]
[Site "Rijeka"]
[Date "2011.11.19"]
[Round "5.19"]
[White "Kelleher, William"]
[Black "Fradkin, Boris"]
[Result "1/2-1/2"]
[WhiteElo "2300"]
[BlackElo "2445"]
[PlyCount "82"]
[EventDate "2011.11.19"]

1. e4 c6 2. d4 d5 3. exd5 cxd5 4. c4 Nf6 5. Nc3 g6 6. Qb3 Bg7 7. cxd5 O-O 8.
Be2 Nbd7 9. Bf3 Nb6 10. Bg5 Bg4 11. Bxf6 Bxf3 12. Nxf3 Bxf6 13. O-O Qd6 14.
Rfe1 Rfd8 15. Rad1 Rac8 16. a4 Nxd5 17. Qxb7 Nxc3 18. bxc3 Rxc3 19. Qxa7 e5 20.
d5 Rc5 21. Nxe5 Bxe5 22. Rxe5 Rd7 23. Qa8+ Kg7 24. Ree1 Rxd5 25. Qxd5 Qxd5 26.
Rxd5 Rxd5 27. Ra1 Ra5 28. f4 Kf6 29. Kf2 Ke6 30. Ke3 h5 31. Ke4 h4 32. g4 hxg3
33. hxg3 f6 34. g4 f5+ 35. gxf5+ Rxf5 36. Rb1 Ra5 37. Rb6+ Kf7 38. Rb4 Ke6 39.
Kd3 g5 40. fxg5 Rxg5 41. Rd4 Rc5 1/2-1/2

[Event "21st World Senior Chess Championship"]
[Site "Rijeka"]
[Date "2011.11.19"]
[Round "5.20"]
[White "Trofimov, Sergey"]
[Black "Kristiansen, Erling"]
[Result "1-0"]
[WhiteElo "2408"]
[BlackElo "2193"]
[PlyCount "53"]
[EventDate "2011.11.19"]

1. Nf3 Nf6 2. d4 b6 3. e3 Bb7 4. Bd3 e6 5. O-O Be7 6. b3 O-O 7. Bb2 Ne4 8. c4
f5 9. Nc3 Nxc3 10. Bxc3 Bf6 11. Qe2 c5 12. Rac1 Nc6 13. Rfd1 cxd4 14. exd4 Qe8
15. d5 exd5 16. cxd5 Qxe2 17. Bxe2 Ne7 18. Bxf6 Rxf6 19. Rc7 Bc8 20. d6 Ng6 21.
Rdc1 Rf8 22. g3 a5 23. h4 Rd8 24. Bc4+ Kh8 25. h5 Nf8 26. Ng5 Re8 27. Bf7 1-0

[Event "21st World Senior Chess Championship"]
[Site "Rijeka"]
[Date "2011.11.19"]
[Round "5.21"]
[White "Karasev, Vladimir I"]
[Black "Montero Martinez, Cristhian"]
[Result "1-0"]
[WhiteElo "2377"]
[BlackElo "2189"]
[PlyCount "150"]
[EventDate "2011.11.19"]

1. d4 Nf6 2. c4 c5 3. Nf3 cxd4 4. Nxd4 e5 5. Nb5 d5 6. cxd5 Bc5 7. N5c3 O-O 8.
e3 e4 9. Be2 Qe7 10. Nd2 Rd8 11. Qc2 Bf5 12. a3 Nxd5 13. Nxd5 Rxd5 14. b4 Bb6
15. g4 Bg6 16. h4 h6 17. h5 Bh7 18. Bb2 Nc6 19. Nc4 Bc7 20. Rd1 Rg5 21. Nd2 a6
22. Rc1 Rf8 23. Bxa6 Bd6 24. Be2 Kh8 25. b5 Na5 26. Bc3 b6 27. Bd4 Bc5 28. Bxc5
Rxc5 29. Qb2 Rg5 30. Qb4 Re5 31. Qxe7 Rxe7 32. O-O f5 33. gxf5 Bxf5 34. f3 Bh3
35. Rf2 exf3 36. Rxf3 Rxf3 37. Bxf3 Rxe3 38. Kf2 Rxa3 39. Ne4 Kg8 40. Rc7 Kf8
41. Kg3 Be6 42. Kf4 Rb3 43. Nd6 Rd3 44. Ke5 Nc4+ 45. Nxc4 Bxc4 46. Be4 Bxb5 47.
Rc8+ Ke7 48. Bxd3 Bxd3 49. Rc7+ Kf8 50. Ke6 Kg8 51. Rc8+ Kh7 52. Kf7 Be2 53.
Rc7 Bxh5+ 54. Kf8 b5 55. Rxg7+ Kh8 56. Rb7 Be2 57. Kf7 Bc4+ 58. Kg6 Bd3+ 59.
Kxh6 Kg8 60. Rg7+ Kf8 61. Rd7 Bc4 62. Kg6 Be6 63. Rb7 Bc4 64. Rd7 Be6 65. Rh7
Bc4 66. Kf6 Ke8 67. Rb7 Kd8 68. Ke5 Ke8 69. Rg7 Kf8 70. Kf6 Ke8 71. Rb7 Kd8 72.
Ke5 Ke8 73. Rh7 Kf8 74. Kf6 Ke8 75. Ra7 Kd8 1-0

[Event "21st World Senior Chess Championship"]
[Site "Rijeka"]
[Date "2011.11.19"]
[Round "5.23"]
[White "Nickl, Klaus"]
[Black "Sloth, Jorn"]
[Result "0-1"]
[WhiteElo "2172"]
[BlackElo "2349"]
[PlyCount "82"]
[EventDate "2011.11.19"]

1. d4 g6 2. Nf3 Bg7 3. e3 Nf6 4. c4 O-O 5. Nc3 c5 6. dxc5 Na6 7. Nd4 Nxc5 8. b4
Nce4 9. Nxe4 Nxe4 10. Bb2 d5 11. Be2 dxc4 12. Bxc4 Nd6 13. Be2 Nf5 14. O-O Nxd4
15. Bxd4 Bxd4 16. Qxd4 Qxd4 17. exd4 Rd8 18. Rfd1 Be6 19. Rd2 Rac8 20. f4 Rc3
21. Rad1 Bd5 22. Kf2 Kg7 23. Rb1 Rdc8 24. Rbb2 Ra3 25. Bd3 Rcc3 26. Bb1 Kf6 27.
g3 h5 28. Re2 h4 29. Re5 e6 30. Be4 hxg3+ 31. hxg3 Bxe4 32. Rxe4 Rf3+ 33. Ke1
Rxg3 34. Rc2 b6 35. d5 exd5 36. Rc6+ Kf5 37. Re5+ Kxf4 38. Rxd5 Rxa2 39. Rc4+
Ke3 40. Rc3+ Ke4 41. Rxg3 Kxd5 0-1

[Event "21st World Senior Chess Championship"]
[Site "Rijeka"]
[Date "2011.11.19"]
[Round "5.24"]
[White "Pritchett, Craig W"]
[Black "Straub, Peter"]
[Result "1/2-1/2"]
[WhiteElo "2343"]
[BlackElo "2168"]
[PlyCount "74"]
[EventDate "2011.11.19"]

1. Nf3 Nf6 2. c4 e6 3. g3 Be7 4. Bg2 d5 5. O-O O-O 6. b3 c5 7. e3 Nc6 8. Bb2
Qc7 9. Nc3 a6 10. Qe2 b6 11. cxd5 exd5 12. d3 Rb8 13. Rac1 Re8 14. Rfd1 b5 15.
e4 Bd6 16. Qd2 d4 17. Nd5 Qd8 18. Ba3 b4 19. Bb2 Nxd5 20. exd5 Ne7 21. Qg5 h6
22. Qh5 Nf5 23. Nd2 g6 24. Qf3 Bb7 25. h4 Nxg3 26. fxg3 Re3 27. Qf1 Bxg3 28.
Nf3 Bxd5 29. Rc2 Bxf3 30. Bxf3 Qxh4 31. Bc1 Rbe8 32. Bxe3 dxe3 33. Qg2 Re5 34.
Rc4 Bf4 35. Kf1 Rg5 36. Qe2 Qh3+ 37. Bg2 Qh2 1/2-1/2

[Event "21st World Senior Chess Championship"]
[Site "Rijeka"]
[Date "2011.11.19"]
[Round "5.25"]
[White "Rooze, Jan"]
[Black "Welz, Peter Dr"]
[Result "1-0"]
[WhiteElo "2321"]
[BlackElo "2164"]
[PlyCount "117"]
[EventDate "2011.11.19"]

1. e4 e6 2. d4 d5 3. Nd2 c5 4. Ngf3 Nc6 5. exd5 exd5 6. Bb5 Bd6 7. dxc5 Bxc5 8.
O-O Nge7 9. Nb3 Bd6 10. Re1 O-O 11. Bd3 h6 12. h3 Nb4 13. Nbd4 Nxd3 14. Qxd3
Bc5 15. c3 Bxd4 16. Nxd4 Nc6 17. Nxc6 bxc6 18. Qg3 Qf6 19. Be3 Bf5 20. Bc5 Rfb8
21. b3 Qg6 22. Qxg6 Bxg6 23. Re7 a5 24. Rae1 Rb5 25. Re8+ Rxe8 26. Rxe8+ Kh7
27. b4 axb4 28. cxb4 Bc2 29. Rc8 d4 30. Rxc6 d3 31. Rd6 Rb8 32. a4 Re8 33. Be3
Re4 34. Bd2 Re2 35. Bc3 Bxa4 36. Rxd3 Re7 37. Rg3 f6 38. Bd4 Bb5 39. Kh2 h5 40.
Rc3 Kg6 41. Rc5 Rb7 42. Bc3 Bf1 43. f4 Rb5 44. f5+ Kh6 45. Bd2+ Kh7 46. Rxb5
Bxb5 47. Kg3 g6 48. h4 Bd3 49. fxg6+ Kxg6 50. Kf4 Kf7 51. g4 hxg4 52. Kxg4 Kg6
53. Kf4 f5 54. Ke5 Kh5 55. Be1 Kg4 56. Kd4 Be2 57. Kc5 f4 58. b5 f3 59. b6 1-0

[Event "21st World Senior Chess Championship"]
[Site "Rijeka"]
[Date "2011.11.19"]
[Round "5.26"]
[White "Vikulov, Alexander"]
[Black "Sinelnikov, Igor"]
[Result "1/2-1/2"]
[WhiteElo "2321"]
[BlackElo "2162"]
[PlyCount "117"]
[EventDate "2011.11.19"]

1. d4 Nf6 2. Nf3 g6 3. g3 Bg7 4. Bg2 O-O 5. O-O d6 6. Nc3 Nbd7 7. e4 e5 8. d5
Nc5 9. Nh4 a5 10. Be3 b6 11. h3 h6 12. Qd2 g5 13. Bxc5 bxc5 14. Nf3 g4 15. hxg4
Nxg4 16. Nh4 Bf6 17. Nf5 Bg5 18. Qd1 Bxf5 19. exf5 Nf6 20. Be4 Rb8 21. Qe1 Rxb2
22. Bd3 Re8 23. Qe2 Qc8 24. a3 Kh8 25. Rfb1 Rxb1+ 26. Rxb1 e4 27. Bxe4 Nxe4 28.
Nxe4 Qxf5 29. Nxd6 Rxe2 30. Nxf5 Re5 31. d6 cxd6 32. Nxd6 Kg7 33. Rb7 Re2 34.
Nxf7 Kg6 35. Nxg5 hxg5 36. Rb5 Rxc2 37. Rxa5 Kf5 38. Ra4 Rc3 39. Kg2 Ke5 40.
Kh3 Kd5 41. Kg4 Rc4+ 42. Rxc4 Kxc4 43. f4 gxf4 44. gxf4 Kb3 45. f5 c4 46. f6 c3
47. f7 c2 48. f8=Q c1=Q 49. Qb4+ Ka2 50. a4 Qc8+ 51. Kf4 Qc7+ 52. Ke4 Qh7+ 53.
Kd5 Qd7+ 54. Kc4 Qc6+ 55. Kd3 Qf3+ 56. Kc2 Qf5+ 57. Kd1 Qf3+ 58. Kc1 Qc3+ 59.
Qxc3 1/2-1/2

[Event "21st World Senior Chess Championship"]
[Site "Rijeka"]
[Date "2011.11.19"]
[Round "5.27"]
[White "Lucena, Lincoln"]
[Black "Rujevic, Mirko"]
[Result "1/2-1/2"]
[WhiteElo "2163"]
[BlackElo "2302"]
[PlyCount "45"]
[EventDate "2011.11.19"]

1. c4 c5 2. Nc3 Nc6 3. g3 g6 4. Bg2 Bg7 5. Nf3 d6 6. O-O e5 7. d3 Nge7 8. Ne1
O-O 9. Nc2 Rb8 10. a3 a6 11. Rb1 b5 12. cxb5 axb5 13. b4 Ba6 14. Bd2 Qd7 15. h4
Nd4 16. bxc5 dxc5 17. Ne4 Rbc8 18. Nxd4 exd4 19. a4 bxa4 20. Rb6 Qa7 21. Rb1
Qd7 22. Rb6 Qa7 23. Rb1 1/2-1/2

[Event "21st World Senior Chess Championship"]
[Site "Rijeka"]
[Date "2011.11.19"]
[Round "5.28"]
[White "Baeta, Marcio Netto"]
[Black "Trois, Francisco R T"]
[Result "1/2-1/2"]
[WhiteElo "2162"]
[BlackElo "2275"]
[PlyCount "27"]
[EventDate "2011.11.19"]

1. e4 e5 2. Nf3 Nc6 3. Bb5 Nf6 4. O-O Nxe4 5. d4 Nd6 6. Bxc6 dxc6 7. dxe5 Nf5
8. Qxd8+ Kxd8 9. Nc3 h6 10. h3 Be6 11. b3 c5 12. Bb2 Kc8 13. Ne4 b6 14. c4
1/2-1/2

[Event "21st World Senior Chess Championship"]
[Site "Rijeka"]
[Date "2011.11.19"]
[Round "5.29"]
[White "Turikov, Viktor"]
[Black "Ciuro Munoz, Ricardo"]
[Result "1-0"]
[WhiteElo "2270"]
[BlackElo "2154"]
[PlyCount "51"]
[EventDate "2011.11.19"]

1. e4 e6 2. d4 d5 3. Nd2 Nf6 4. e5 Nfd7 5. Bd3 c5 6. c3 b6 7. Qe2 cxd4 8. cxd4
Nc6 9. Ndf3 Nb4 10. Bd2 Nxd3+ 11. Qxd3 a5 12. Ne2 Be7 13. O-O O-O 14. Rfc1 Ba6
15. Qe3 Rc8 16. Ng3 Re8 17. Nh5 Nf8 18. g3 Qd7 19. Ng5 h6 20. Nh3 Ng6 21. Rc3
Rxc3 22. bxc3 Qb5 23. Nxg7 Kxg7 24. Qxh6+ Kg8 25. Ng5 Qd3 26. Qh7+ 1-0

[Event "21st World Senior Chess Championship"]
[Site "Rijeka"]
[Date "2011.11.19"]
[Round "5.32"]
[White "Kolbak, Jens"]
[Black "Pekun, Cem"]
[Result "1-0"]
[WhiteElo "2262"]
[BlackElo "2139"]
[PlyCount "85"]
[EventDate "2011.11.19"]

1. d4 c5 2. c3 b6 3. e4 d6 4. Nf3 g6 5. Bb5+ Bd7 6. Bxd7+ Qxd7 7. O-O Bg7 8.
Qe2 e6 9. Rd1 cxd4 10. cxd4 Ne7 11. Nc3 O-O 12. d5 e5 13. a4 h6 14. Nd2 f5 15.
f3 a6 16. Nc4 Qc7 17. Be3 Nd7 18. Rac1 Rfc8 19. Nd2 f4 20. Bf2 b5 21. axb5 axb5
22. Qxb5 Rab8 23. Qa4 Rxb2 24. Qa3 Qb8 25. Rb1 Rxb1 26. Rxb1 Qc7 27. Nb5 Qc2
28. Nxd6 Rc3 29. Qa8+ Kh7 30. Be1 Nc8 31. Nxc8 Rxc8 32. Qa7 Rc7 33. Qa5 Bf8 34.
Bf2 Qxb1+ 35. Nxb1 Rc1+ 36. Be1 Rxb1 37. Kf1 Nc5 38. Qa7+ Kg8 39. Qa2 Rc1 40.
Ke2 Bd6 41. Kd2 Nd3 42. Kxd3 Rxe1 43. Qa5 1-0

[Event "21st World Senior Chess Championship"]
[Site "Rijeka"]
[Date "2011.11.19"]
[Round "5.33"]
[White "Srebrnic, Vojko"]
[Black "Anguera Maestro, Jaime"]
[Result "1-0"]
[WhiteElo "2261"]
[BlackElo "2133"]
[PlyCount "119"]
[EventDate "2011.11.19"]

1. e4 d5 2. exd5 Qxd5 3. Nc3 Qa5 4. g3 Nf6 5. Bg2 c6 6. Nge2 g6 7. d3 Bg7 8.
O-O O-O 9. Re1 Nbd7 10. Rb1 Qd8 11. a4 Nb6 12. Bd2 Bf5 13. a5 Nbd5 14. Nxd5
Nxd5 15. Nc3 Qd7 16. Nxd5 cxd5 17. Qe2 Rfe8 18. Bc3 e5 19. Qd2 Bh3 20. Bb4 Bxg2
21. Kxg2 Rac8 22. c3 Rc6 23. f3 f5 24. Ra1 h6 25. Qc2 Kh7 26. Qa4 Rc7 27. Qxd7
Rxd7 28. a6 b6 29. Kf2 g5 30. Red1 Kg6 31. Rac1 e4 32. dxe4 fxe4 33. fxe4 Rxe4
34. Rd3 g4 35. Rc2 h5 36. Re2 Rxe2+ 37. Kxe2 d4 38. cxd4 Bxd4 39. Bc3 Re7+ 40.
Kd1 Bg1 41. Rd2 Kf7 42. Rg2 Be3 43. Kc2 b5 44. Kd3 Bc5 45. b4 Bb6 46. Bd2 Re6
47. Bf4 Re1 48. Rd2 Re6 49. Rc2 Bg1 50. Rc1 Bb6 51. Rc8 Re8 52. Rxe8 Kxe8 53.
Ke4 Bg1 54. Kf5 Bxh2 55. Kg5 Kd7 56. Kxh5 Kc6 57. Kxg4 Kb6 58. Kf3 Kxa6 59. g4
Bg1 60. Ke4 1-0

[Event "21st World Senior Chess Championship"]
[Site "Rijeka"]
[Date "2011.11.19"]
[Round "5.35"]
[White "Hjertenes, Oystein"]
[Black "Dragasevic, Srdja"]
[Result "0-1"]
[WhiteElo "2153"]
[BlackElo "2256"]
[PlyCount "80"]
[EventDate "2011.11.19"]

1. Nf3 Nf6 2. g3 d5 3. c4 c6 4. Bg2 Bf5 5. d4 e6 6. O-O h6 7. b3 Be7 8. Nc3 O-O
9. Bb2 Nbd7 10. cxd5 cxd5 11. e3 Rc8 12. a3 a6 13. Qe2 b5 14. Rfc1 Qb6 15. Nd2
Rfd8 16. h3 Bg6 17. f4 Rc7 18. g4 Rdc8 19. Bf3 b4 20. axb4 Bxb4 21. Na4 Qb7 22.
Rxc7 Rxc7 23. Rc1 Rxc1+ 24. Bxc1 Qc6 25. Qd1 Bc2 26. Qf1 Bxb3 27. Nxb3 Qxa4 28.
Nd2 Qc6 29. Qd1 a5 30. Bb2 Nb6 31. Kf2 Ne8 32. Be2 Nd6 33. Bd3 Nbc4 34. Nxc4
dxc4 35. Bb1 Ne4+ 36. Kg1 f5 37. gxf5 exf5 38. Bxe4 Qxe4 39. Qc1 Qd3 40. Kf2
Bd2 0-1

[Event "21st World Senior Chess Championship"]
[Site "Opatija"]
[Date "2011.11.19"]
[Round "5.1"]
[White "Saunina, Ludmila"]
[Black "Thipsay, Bagyashree Sathe"]
[Result "1-0"]
[WhiteElo "2274"]
[BlackElo "2152"]
[PlyCount "22"]
[EventDate "2011.11.19"]

1. e4 c6 2. d4 d5 3. Nd2 dxe4 4. Nxe4 Nf6 5. Ng3 h5 6. h4 Bg4 7. Be2 e6 8. Bg5
Qb6 9. Bxf6 gxf6 10. f3 Bd6 11. Ne4 Bf5 1-0

[Event "21st World Senior Chess Championship"]
[Site "Opatija"]
[Date "2011.11.19"]
[Round "5.3"]
[White "Kozlovskaya, Valentina"]
[Black "Fatalibekova, Elena"]
[Result "1/2-1/2"]
[WhiteElo "2281"]
[BlackElo "2285"]
[PlyCount "81"]
[EventDate "2011.11.19"]

1. e4 c5 2. Nf3 Nc6 3. d4 cxd4 4. Nxd4 g6 5. Be3 Nf6 6. Nc3 Bg7 7. Be2 O-O 8.
O-O d5 9. exd5 Nb4 10. d6 Qxd6 11. Ncb5 Qd8 12. c4 a6 13. Nc3 e5 14. Nb3 Nc6
15. Qxd8 Rxd8 16. Bb6 Re8 17. Rad1 Bf5 18. Bd3 e4 19. Be2 Nd7 20. Be3 Bxc3 21.
bxc3 Nde5 22. Rb1 Bg4 23. Bxg4 Nxg4 24. Nc5 Na5 25. Bd4 f5 26. Nxb7 Nxc4 27.
Nc5 Re7 28. Rb4 Nd6 29. Rb6 Nb5 30. Nxa6 Nxd4 31. cxd4 Rd7 32. h3 Nh6 33. d5
Rad8 34. Nb4 Nf7 35. Rc1 Ra8 36. Rc3 Ne5 37. Re6 Nd3 38. Nxd3 exd3 39. Rxd3
Rxa2 40. g3 Kf7 41. Kg2 1/2-1/2

[Event "21st World Senior Chess Championship"]
[Site "Opatija"]
[Date "2011.11.19"]
[Round "5.4"]
[White "Melashvili, Nino"]
[Black "Khmiadashvili, Tamar"]
[Result "1/2-1/2"]
[WhiteElo "2106"]
[BlackElo "2166"]
[PlyCount "25"]
[EventDate "2011.11.19"]

1. d4 Nf6 2. Nf3 e6 3. Bf4 b6 4. e3 Bb7 5. Nbd2 Be7 6. Bd3 d5 7. h3 O-O 8. O-O
c5 9. c3 Ne4 10. Qc2 f5 11. Ne5 Nc6 12. f3 Nd6 13. e4 1/2-1/2